00710nam a22002297a 450000500170000001000130001702000230003003500130005303700160006604000120008208200130009410000250010724500350013226000320016727000510019930000250025065000200027565000200029594200220031599900190033795201240035620170124110122.0 aA-953403 c495.00a8186172394 aA-953403 bCen Lib/Ret aDPLbEN a921bSHI aShirke, B. G.930736 aThe crusade /cby B. G. Shirke bPuneaAmeya Prakashanc1998 bPunea474 B, Sadashiv Peth, Tilak Roade411030 axvi,392p. c24cm(Hb) aCrusades930737 aBiography97490 2ddccENh921mSHI c131070d131070 00104070aLbLd2015-07-13eCen Lib/Retg495.00l0o921 SHIpA-953403r2015-07-13 00:00:00t1v495.00w2015-07-13yEN